More Demonyms - Statistics

General Stats
  • This quiz has been taken 47 times
  • The average score is 11 of 15
Answer Stats
a person from is called... % Correct
Afghanistan Afghan
100%
New York a New Yorker
100%
Mexico Mexican
100%
Norway Norwegian
100%
Thailand Thai
100%
Pakistan Pakistani
94%
Wales Welsh
94%
Iceland Icelandic
92%
Malta Maltese
89%
Argentina Argentine
75%
Australia (slang) Aussie
67%
Glasgow Glaswegian
53%
Tasmania (slang) Tassie
28%
Newcastle, UK Geordie
25%
Madagascar Madagascan
14%
No matching quizzes found
Score Distribution
Percent of People with Each Score
Percentile by Number Answered
Your Score History
You have not taken this quiz